| 000 | 00647cam a22002413a 4500 | ||
|---|---|---|---|
| 001 | 860 | ||
| 003 | PGUSA | ||
| 005 | 20140828082953.0 | ||
| 008 | 970301s1997||||xxu|||||s|||||000 1 eng d | ||
| 040 |
_aPGUSA _beng |
||
| 042 | _adc | ||
| 050 | 4 | _aPS | |
| 100 | 1 |
_aMayo, Margaret, _d1882-1951 |
|
| 245 | 1 | 0 |
_aBaby Mine _h[electronic resource] / _cMargaret Mayo |
| 260 |
_bProject Gutenberg, _c1997 |
||
| 506 | _aPublic domain in the USA. | ||
| 516 | _aElectronic text | ||
| 653 | _aMarried people -- Fiction | ||
| 653 | _aHumorous stories | ||
| 830 | 0 |
_aProject Gutenberg _v860 |
|
| 856 | 4 | 0 | _uhttp://www.gutenberg.org/ebooks/860 |
| 942 | _cEB | ||
| 999 |
_c230211 _d230211 |
||